Auditing concepts and methods (Record no. 84464)

MARC details
000 -LEADER
fixed length control field 00828nam a2200217 a 4500
008 - FIXED-LENGTH DATA ELEMENTS--GENERAL INFORMATION
fixed length control field 120416s1979 ||||||||||||||||| || u
020 ## - INTERNATIONAL STANDARD BOOK NUMBER
International Standard Book Number 0070706069
050 ## - LIBRARY OF CONGRESS CALL NUMBER
Classification number HF 5667 Wil
100 ## - MAIN ENTRY--PERSONAL NAME
Personal name Willingham, John J
245 10 - TITLE STATEMENT
Title Auditing concepts and methods
250 ## - EDITION STATEMENT
Edition statement 3rd ed.
260 ## - PUBLICATION, DISTRIBUTION, ETC.
Place of publication, distribution, etc. New York
Name of publisher, distributor, etc. McGraw-Hill
Date of publication, distribution, etc. 1979
300 ## - PHYSICAL DESCRIPTION
Extent xii, 446p. : ill.
350 ## -
-- 0.00
500 ## - GENERAL NOTE
General note Includes index.
650 ## - SUBJECT ADDED ENTRY--TOPICAL TERM
Topical term or geographic name entry element AUDITING
650 ## - SUBJECT ADDED ENTRY--TOPICAL TERM
Topical term or geographic name entry element TEXTBOOKS
700 ## - ADDED ENTRY--PERSONAL NAME
Personal name Carmichael, D. R. (Douglas R.), 1941-
995 ## -
-- ANNEX COLLECTION (Main Library)
-- 0.00
-- 709103
-- CBU-MAIN LIBRARY (Kitwe)
-- 1
-- 28.95
-- HF 5667 Wil
-- 1
-- AVAILABLE
-- 006867
-- Annex Low-Usage Collection
995 ## -
-- ANNEX COLLECTION (Main Library)
-- 0.00
-- 703043
-- CBU-MAIN LIBRARY (Kitwe)
-- 2
-- 28.95
-- HF 5667 Wil
-- 2
-- AVAILABLE
-- 006868
-- Annex Low-Usage Collection
999 ## -
-- 84464
-- 84464
Holdings
Withdrawn status Lost status Source of classification or shelving scheme Damaged status Not for loan Permanent Location Current Location Shelving location Date acquired Total Checkouts Full call number Barcode Date last seen Copy number Price effective from Koha item type
          CBU-MAIN LIBRARY, KITWE. CBU-MAIN LIBRARY, KITWE.   01/25/2024   HF 5667 Wil 006867 01/25/2024 1 01/25/2024 MONOGRAPH
          CBU-MAIN LIBRARY, KITWE. CBU-MAIN LIBRARY, KITWE.   01/25/2024   HF 5667 Wil 006868 01/25/2024 2 01/25/2024 MONOGRAPH